000 00566cam a22002053a 4500
001 37951
003 PGUSA
005 20140828083832.0
008 111107s2011||||xxu|||||s|||||000 | eng d
040 _aPGUSA
_beng
042 _adc
100 1 _aRolland, Romain,
_d1866-1944
245 1 0 _aVie de Tolstoy
_h[electronic resource] /
_cRomain Rolland
260 _bProject Gutenberg,
_c2011
506 _aPublic domain in the USA.
516 _aElectronic text
830 0 _aProject Gutenberg
_v37951
856 4 0 _uhttp://www.gutenberg.org/ebooks/37951
942 _cEB
999 _c267205
_d267205